Catalog

Record Details

Catalog Search



Available copies

  • 3 of 3 copies available at LARL/NWRL Consortium.

Current holds

0 current holds with 3 total copies.

Show Only Available Copies
Location Call Number / Copy Notes Barcode Shelving Location Status Due Date
Godel Memorial-Warren Library j ELL (Text) 35500006524142 Main Available -
Hallock Public Library j ELL (Text) 35500006752008 Main Available -
Warroad Public Library j ELL (Text) 35500006733156 Main Available -

Record details

  • ISBN: 9781338745375
  • ISBN: 1338745379
  • ISBN: 9781338745382
  • ISBN: 1338745387
  • ISBN: 9781713770527
  • ISBN: 9789354711473
  • ISBN: 9781098252373
  • Physical Description: 72 pages : color illustrations ; 20 cm.
  • Edition: First edition.
  • Publisher: New York : Branches/Scholastic Inc., 2021.

Content descriptions

Summary, etc.:
Eva is excited because her parents have agreed to ... Read More
Target Audience Note:
Ages 5-7. Scholastic Inc.
Grades K-1. Scholastic Inc.
Subject: Owls > Juvenile fiction.
Pets > Juvenile fiction.
Decision making > Juvenile fiction.
Diaries > Juvenile fiction.
LDR 01712cam a22004578i 4500
001380184
003LARL_NWRL_CONSORTIUM
00520240102173430.0
008201028t20212021nyu b 000 1 eng
010 . ‡a2020048666
020 . ‡a9781338745375 ‡q(paperback)
020 . ‡a1338745379
020 . ‡a9781338745382 ‡q(library binding)
020 . ‡a1338745387
020 . ‡a9781713770527
020 . ‡a9789354711473
020 . ‡a9781098252373
035 . ‡a(OCoLC)1202731030
040 . ‡aNJQ/DLC ‡beng ‡erda ‡cDLC ‡dOCLCO ‡dYDX ‡dBDX ‡dOCLCF ‡dOQX ‡dTOH ‡dGZD
042 . ‡alcac ‡apcc
08204. ‡a823.92 ‡aFic ‡223
1001 . ‡aElliott, Rebecca, ‡eauthor, ‡eillustrator. ‡0(LARL_NWRL_CONSORTIUM)220996
24510. ‡aEva's new pet / ‡cRebecca Elliott.
250 . ‡aFirst edition.
264 1. ‡aNew York : ‡bBranches/Scholastic Inc., ‡c2021.
264 4. ‡c©2021
300 . ‡a72 pages : ‡bcolor illustrations ; ‡c20 cm.
336 . ‡atext ‡btxt ‡2rdacontent
336 . ‡astill image ‡bsti ‡2rdacontent
337 . ‡aunmediated ‡bn ‡2rdamedia
338 . ‡avolume ‡bnc ‡2rdacarrier
4900 . ‡aOwl diaries ; ‡v15
5211 . ‡aAges 5-7. ‡bScholastic Inc.
5212 . ‡aGrades K-1. ‡bScholastic Inc.
520 . ‡aEva is excited because her parents have agreed to let her get a new pet, but she is not sure what kind of pet to get--or how Baxter, her bat, will react to a new member of the family.
650 0. ‡aOwls ‡vJuvenile fiction. ‡0(LARL_NWRL_CONSORTIUM)173876
650 0. ‡aPets ‡vJuvenile fiction. ‡0(LARL_NWRL_CONSORTIUM)174051
650 0. ‡aDecision making ‡vJuvenile fiction.
650 0. ‡aDiaries ‡vJuvenile fiction. ‡0(LARL_NWRL_CONSORTIUM)171810
901 . ‡a380184 ‡b ‡c380184 ‡tbiblio

Additional Resources